| 000 | 00383cam a2200157ua 4500 | ||
|---|---|---|---|
| 041 |
_aeng _h |
||
| 082 |
_a823.301 _bMAR/ST |
||
| 100 | _aMare, Walter de la . | ||
| 245 |
_aStories Essays and Poems / _cWalter de la. _hTextual Documents |
||
| 250 |
_a1 / _b. |
||
| 260 |
_a : _bJ M dent Sons Ltd , _c1951. |
||
| 300 | _a365 ; . | ||
| 504 | _a | ||
| 942 | _cBK | ||
| 999 |
_c2926 _d2926 |
||